|
|
|
|
| LEADER |
00998nam a2200277 a 4500 |
| 001 |
13337036 |
| 008 |
110516s2004 nyu b 000 0 eng |
| 010 |
|
|
|a 2003062397
|
| 020 |
|
|
|a 0007179235
|
| 020 |
|
|
|a 0060574593 (alk. paper)
|
| 040 |
|
|
|a DLC
|c DLC
|d DLC
|d BD-DhAAL
|
| 042 |
|
|
|a pcc
|
| 082 |
0 |
0 |
|a 658.4/093
|2 22
|
| 100 |
1 |
|
|a Blanchard, Kenneth H.
|
| 245 |
1 |
4 |
|a The on-time, on-target manager :
|b how a "last-minute manager" conquered procrastination /
|c Ken Blanchard, Steve Gottry.
|
| 250 |
|
|
|a 1st ed.
|
| 260 |
|
|
|a New York :
|b William Morrow,
|c c2004.
|
| 300 |
|
|
|a xvi, 126 p. ;
|c 22 cm.
|
| 541 |
|
|
|e 00010118
|
| 650 |
|
0 |
|a Time management.
|
| 650 |
|
0 |
|a Executives
|x Time management.
|
| 650 |
|
0 |
|a Procrastination.
|
| 700 |
1 |
|
|a Gottry, Steven R.
|
| 852 |
1 |
|
|a Ayesha Abed Library
|c General shelf.
|
| 999 |
|
|
|c 10850
|d 10850
|
| 952 |
|
|
|0 0
|1 0
|2 ddc
|4 0
|6 658_409300000000000_BLA
|7 0
|9 16491
|a BRACUL
|b BRACUL
|c GEN
|d 2011-05-16
|l 2
|m 13
|o 658.4093 BLA
|p 3010010118
|r 2017-06-07
|s 2017-03-21
|t 1
|w 2011-05-16
|y BK
|